[Event "Iberoamerican-ch 8th"]
[Site "Mexico City"]
[Date "2022.02.12"]
[Round "1"]
[White "Albornoz Cabrera, Carlos Daniel"]
[Black "Herrera Aruca, Jorge Frank"]
[Result "1-0"]
[WhiteElo "2567"]
[BlackElo "1964"]
[PlyCount "109"]
[EventDate "2022.02.12"]
[EventType "swiss"]
[EventRounds "9"]
[EventCountry "MEX"]
[SourceTitle "CBM 206 Extra"]
[Source "ChessBase"]
[SourceDate "2022.03.31"]
[SourceVersion "1"]
[SourceVersionDate "2022.03.31"]
[SourceQuality "1"]

1. Nf3 Nf6 2. c4 e6 3. Nc3 Bb4 4. Qc2 0-0 5. a3 Bxc3 6. Qxc3 b6 7. e3 Bb7 8. d3 d6 9. b4 a5 10. Bb2 Nbd7 11. Be2 Qe7 12. 0-0 e5 13. Nd2 h6 14. e4 Nh7 15. Bg4 Ndf6 16. Bd1 axb4 17. axb4 Rxa1 18. Bxa1 Ra8 19. f4 Nd7 20. Nf3 Nhf6 21. fxe5 dxe5 22. Bb2 Ng4 23. Re1 Qd6 24. Nh4 Ngf6 25. Nf5 Qf8 26. Rf1 g6 27. Ne3 Qd6 28. Nd5 Bxd5 29. cxd5 b5 30. Qc6 Ra2 31. Qxd6 cxd6 32. Rf2 Kg7 33. Bb3 Ra7 34. Rc2 Nb8 35. Rc1 Nfd7 36. Kf2 Nb6 37. Ke2 Kf8 38. g4 Ke7 39. Bc3 Rc7 40. Kd2 Ra7 41. Kc2 Na6 42. Kb2 Nc7 43. Bd2 g5 44. Be3 Nca8 45. h4 Na4+ 46. Bxa4 Rxa4 47. hxg5 hxg5 48. Bxg5+ f6 49. Bd2 Ra6 50. Be3 Kd7 51. Rf1 Ke7 52. Rh1 Nc7 53. Rh7+ Kd8 54. Rf7 Ra4 55. Bb6 1-0

[Event "FIDE World Uni Rapid-C 1st"]
[Site "Tornelo INT"]
[Date "2021.03.20"]
[Round "2"]
[White "Molina Mendoza, Andrea"]
[Black "Herrera Aruca, Jorge Frank"]
[Result "0-1"]
[WhiteElo "1541"]
[BlackElo "1964"]
[PlyCount "106"]
[EventDate "2021.03.20"]
[EventType "swiss (rapid)"]
[EventRounds "12"]
[EventCountry "NET"]
[SourceTitle "CBM 201 Extra"]
[Source "ChessBase"]
[SourceDate "2021.05.31"]
[SourceVersion "1"]
[SourceVersionDate "2021.05.31"]
[SourceQuality "1"]

1. e4 e6 2. Nc3 d5 3. exd5 exd5 4. d4 Nf6 5. Nf3 c6 6. Bd3 Bd6 7. 0-0 0-0 8. Re1 Bg4 9. h3 Bh5 10. Bg5 Nbd7 11. Re3 Qc7 12. Qe1 Rae8 13. Nh4 Bf4 14. Bxf4 Qxf4 15. Nf5 Bg6 16. Ne7+ Kh8 17. Bxg6 hxg6 18. Rd1 Ne4 19. Nxe4 Rxe7 20. Nc3 Rxe3 21. fxe3 Qf5 22. Rd2 Re8 23. Rf2 Qe6 24. Rf3 Nf6 25. Qf2 Kg8 26. g4 Re7 27. g5 Ne4 28. Nxe4 dxe4 29. Rf4 Qxh3 30. Rh4 Qf5 31. Qh2 Qxg5+ 32. Kh1 f5 33. Rh8+ Kf7 34. Qb8 Qxe3 35. Rf8+ Ke6 36. Qc8+ Kd5 37. Qd8+ Ke6 38. Qc8+ Rd7 39. Re8+ Kd6 40. Rd8 Qc1+ 41. Kh2 Qxc2+ 42. Kg1 Qb1+ 43. Kg2 Qxb2+ 44. Kg1 Qxd4+ 45. Kf1 Qc4+ 46. Ke1 Rxd8 47. Qxd8+ Kc5 48. Qe7+ Kb6 49. Qxg7 a5 50. Qxg6 f4 51. Qg1+ e3 52. Qg5 Qb4+ 53. Ke2 Qb5+ 0-1

[Event "FIDE World Uni Blitz-A 1st"]
[Site "Tornelo INT"]
[Date "2021.03.13"]
[Round "6.45"]
[White "Balewa, Jimmy Carlos"]
[Black "Herrera Aruca, Jorge Frank"]
[Result "0-1"]
[WhiteElo "1595"]
[BlackElo "1964"]
[PlyCount "50"]
[EventDate "2021.03.13"]
[EventType "swiss (blitz)"]
[EventRounds "10"]
[EventCountry "NET"]
[SourceTitle "EXT 2022"]
[Source "ChessBase"]
[SourceDate "2021.10.06"]
[SourceVersion "1"]
[SourceVersionDate "2021.10.06"]
[SourceQuality "1"]

1. e4 e6 2. Nf3 d5 3. e5 c5 4. b4 c4 5. a3 a6 6. d4 cxd3 7. cxd3 d4 8. Bb2 Nc6 9. Be2 Nge7 10. 0-0 g6 11. Nbd2 Bg7 12. Nc4 0-0 13. Qb3 Nf5 14. Rac1 b5 15. Ncd2 Bb7 16. Ne4 Nxe5 17. Nxe5 Bxe5 18. g4 Nd6 19. Bf3 Nxe4 20. dxe4 Qh4 21. h3 Qxh3 22. Rfe1 Bh2+ 23. Kh1 Bg3+ 24. Kg1 Qh2+ 25. Kf1 Qxf2# 0-1

[Event "FIDE World Uni Blitz-A 1st"]
[Site "Tornelo INT"]
[Date "2021.03.13"]
[Round "7.19"]
[White "Herrera Aruca, Jorge Frank"]
[Black "Santiago Vilca, Christian Amilca"]
[Result "0-1"]
[WhiteElo "1964"]
[BlackElo "2257"]
[PlyCount "104"]
[EventDate "2021.03.13"]
[EventType "swiss (blitz)"]
[EventRounds "10"]
[EventCountry "NET"]
[SourceTitle "EXT 2022"]
[Source "ChessBase"]
[SourceDate "2021.10.06"]
[SourceVersion "1"]
[SourceVersionDate "2021.10.06"]
[SourceQuality "1"]

1. e4 g6 2. d4 Bg7 3. Be3 d6 4. Nc3 a6 5. f3 b5 6. Qd2 Bb7 7. 0-0-0 Nd7 8. Kb1 e6 9. h4 h5 10. Be2 Ne7 11. g4 hxg4 12. fxg4 b4 13. Na4 Bxe4 14. Bf3 Bd5 15. h5 gxh5 16. gxh5 Nb6 17. Nxb6 cxb6 18. h6 Bf6 19. Bg5 Bxg5 20. Qxg5 Qd7 21. Qg7 0-0-0 22. h7 Nf5 23. Qf6 Qe7 24. Qxe7 Nxe7 25. Bxd5 Nxd5 26. Nf3 Kd7 27. Ng5 Ke7 28. Rdf1 f6 29. Ne4 Rdf8 30. Rfg1 Rf7 31. Rh6 Rfxh7 32. Rhg6 Rh1 33. b3 Rxg1+ 34. Rxg1 f5 35. Nd2 b5 36. Rg7+ Kf6 37. Rd7 Rh2 38. Kc1 Ne3 39. Rxd6 Rh1+ 40. Kb2 Rd1 41. Nf3 f4 42. a3 a5 43. axb4 axb4 44. Rb6 Nd5 45. Rxb5 Rf1 46. Ne5 f3 47. Nd3 f2 48. Nxf2 Rxf2 49. Kc1 Kf5 50. Kd1 Ke4 51. Ke1 Rxc2 52. Rb7 Kd3 0-1

[Event "FIDE World Uni Blitz-A 1st"]
[Site "Tornelo INT"]
[Date "2021.03.13"]
[Round "8.44"]
[White "Kozhamberdiyev, Alan"]
[Black "Herrera Aruca, Jorge Frank"]
[Result "1-0"]
[WhiteElo "1517"]
[BlackElo "1964"]
[PlyCount "123"]
[EventDate "2021.03.13"]
[EventType "swiss (blitz)"]
[EventRounds "10"]
[EventCountry "NET"]
[SourceTitle "EXT 2022"]
[Source "ChessBase"]
[SourceDate "2021.10.06"]
[SourceVersion "1"]
[SourceVersionDate "2021.10.06"]
[SourceQuality "1"]

1. Nf3 Nf6 2. c4 e6 3. Nc3 d5 4. e3 Be7 5. b3 0-0 6. Bb2 b6 7. d4 Bb7 8. Bd3 c5 9. cxd5 Nxd5 10. Nxd5 Bxd5 11. dxc5 Bxc5 12. 0-0 Nd7 13. Nd4 Nf6 14. Rc1 Rc8 15. Qe2 Ne4 16. Rfd1 Qg5 17. Nf3 Qh5 18. h3 Rfd8 19. Nd4 Qg5 20. Nf3 Qh6 21. Ne5 f6 22. Nf3 Bb7 23. Nd4 Qg5 24. Nxe6 Qg6 25. Nxd8 Nc3 26. Bc4+ Kf8 27. Ne6+ Ke7 28. Qg4 Qxg4 29. hxg4 Nxd1 30. Rxd1 g6 31. Nf4 Be4 32. Nd5+ Bxd5 33. Rxd5 Bd6 34. Kf1 a6 35. Bd4 b5 36. Bd3 Rc1+ 37. Ke2 Rg1 38. Kf3 Rd1 39. Be4 Rc1 40. Bb6 Rc6 41. Bd4 Rc1 42. g3 Rf1 43. Kg2 Rxf2+ 44. Kxf2 Bxg3+ 45. Kxg3 Ke6 46. Rc5 f5 47. Rc6+ Kd7 48. gxf5 gxf5 49. Bf3 h5 50. Kf4 h4 51. Kxf5 h3 52. Bh1 h2 53. Rxa6 b4 54. Rb6 Kc7 55. Rxb4 Kd6 56. a4 Ke7 57. a5 Kd6 58. a6 Ke7 59. a7 Kd6 60. a8Q Kc7 61. Qa7+ Kd6 62. Rb6# 1-0

[Event "Capablanca Memorial op 53rd"]
[Site "Havana"]
[Date "2018.05.17"]
[Round "8"]
[White "Herrera Aruca, Jorge Frank"]
[Black "Roca Rojas, Ana Flavia"]
[Result "1/2-1/2"]
[WhiteElo "2110"]
[BlackElo "2219"]
[PlyCount "83"]
[EventDate "2018.05.09"]
[EventType "swiss"]
[EventRounds "10"]
[EventCountry "CUB"]
[SourceTitle "EXT 2021"]
[Source "ChessBase"]
[SourceDate "2020.10.23"]
[SourceVersion "1"]
[SourceVersionDate "2020.10.23"]
[SourceQuality "1"]

1. e4 c5 2. Nf3 d6 3. d4 cxd4 4. Nxd4 Nf6 5. Nc3 g6 6. f3 Bg7 7. Be3 a6 8. Qd2 Nbd7 9. g4 Ne5 10. 0-0-0 Bd7 11. h4 b5 12. h5 b4 13. Nd5 Nxd5 14. exd5 Qa5 15. Kb1 Rg8 16. hxg6 hxg6 17. Be2 Rc8 18. f4 Nc4 19. Bxc4 Rxc4 20. Qg2 Kd8 21. f5 Be5 22. Qf2 Kc8 23. fxg6 f6 24. Nf5 Bxf5 25. Qxf5+ Kb7 26. Qe6 Qd8 27. Rh7 Rxg6 28. Rxe7+ Rc7 29. Rxc7+ Qxc7 30. Bd4 Qg7 31. Qe8 Bxd4 32. Rxd4 Rxg4 33. Qc6+ Ka7 34. Rxg4 Qxg4 35. Qc7+ Ka8 36. a3 Qd1+ 37. Ka2 Qxd5+ 38. b3 Qc5 39. Qd8+ Kb7 40. Qe7+ Kb8 41. Qd8+ Kb7 42. Qe7+ 1/2-1/2

[Event "Capablanca Memorial op 53rd"]
[Site "Havana"]
[Date "2018.05.15"]
[Round "6"]
[White "Ruiz Castillo, Joshua Daniel"]
[Black "Herrera Aruca, Jorge Frank"]
[Result "1-0"]
[WhiteElo "2371"]
[BlackElo "2110"]
[PlyCount "123"]
[EventDate "2018.05.09"]
[EventType "swiss"]
[EventRounds "10"]
[EventCountry "CUB"]
[SourceTitle "EXT 2021"]
[Source "ChessBase"]
[SourceDate "2020.10.23"]
[SourceVersion "1"]
[SourceVersionDate "2020.10.23"]
[SourceQuality "1"]

1. e4 e6 2. d4 d5 3. Nc3 Bb4 4. e5 c5 5. a3 Bxc3+ 6. bxc3 Ne7 7. Qg4 Qc7 8. Qxg7 Rg8 9. Qxh7 cxd4 10. Ne2 Nbc6 11. f4 Bd7 12. Bb2 Qa5 13. 0-0-0 dxc3 14. Nxc3 0-0-0 15. Qd3 a6 16. Qd2 Nf5 17. Bd3 Nce7 18. Rhg1 Qc5 19. Rde1 Nd4 20. Qe3 b6 21. Kb1 Nef5 22. Qf2 Nb5 23. Qxc5+ bxc5 24. Bxf5 Nxc3+ 25. Bxc3 exf5 26. Ba5 Rde8 27. Bb6 c4 28. Kb2 Kb7 29. Bf2 Kc6 30. Kc3 Rb8 31. h4 Be6 32. g3 Kd7 33. Rb1 Rgc8 34. a4 Kc6 35. Rxb8 Rxb8 36. Rh1 Bd7 37. h5 Rh8 38. h6 Rh7 39. Kb4 Bc8 40. Ka5 Bb7 41. c3 Kc7 42. Rh5 Bc8 43. Bc5 Kc6 44. Bf8 d4 45. cxd4 Kd5 46. Bg7 Be6 47. Kxa6 Kxd4 48. Kb5 c3 49. Kb4 Kd3 50. Ka3 Kd2 51. Rh2+ Kd1 52. Rh1+ Kd2 53. a5 Bd5 54. Rg1 Bc4 55. Rg2+ Kd1 56. Kb4 Bd5 57. Rg1+ Kd2 58. e6 fxe6 59. Bxc3+ Ke3 60. Bg7 Kf2 61. Rd1 Bf3 62. Rd3 1-0

[Event "Capablanca Memorial op 53rd"]
[Site "Havana"]
[Date "2018.05.12"]
[Round "4"]
[White "Alfonso Ruisanchez, Laritza"]
[Black "Herrera Aruca, Jorge Frank"]
[Result "0-1"]
[WhiteElo "1821"]
[BlackElo "2110"]
[PlyCount "68"]
[EventDate "2018.05.09"]
[EventType "swiss"]
[EventRounds "10"]
[EventCountry "CUB"]
[SourceTitle "EXT 2021"]
[Source "ChessBase"]
[SourceDate "2020.10.23"]
[SourceVersion "1"]
[SourceVersionDate "2020.10.23"]
[SourceQuality "1"]

1. e4 e6 2. d4 d5 3. Nd2 Nf6 4. e5 Nfd7 5. Ngf3 c5 6. c3 Nc6 7. Be2 Be7 8. 0-0 0-0 9. Re1 f6 10. exf6 Nxf6 11. Bd3 cxd4 12. cxd4 Bd6 13. a3 Bd7 14. Nf1 Qc7 15. Bg5 h6 16. Bd2 e5 17. dxe5 Nxe5 18. Nxe5 Bxe5 19. Rc1 Bc6 20. b4 a6 21. a4 Qd6 22. Ng3 Bd7 23. Be3 d4 24. Bd2 Ng4 25. f3 Nxh2 26. Ne4 Qg6 27. Nf2 Qg3 28. Nh1 Nxf3+ 29. Qxf3 Qh2+ 30. Kf2 Rxf3+ 31. Kxf3 Rf8+ 32. Ke4 Bf5+ 33. Kd5 Bxd3 34. Rxe5 Rd8+ 0-1